| 000 | 00458nam a22001697a 4500 | ||
|---|---|---|---|
| 005 | 20150724170908.0 | ||
| 008 | 150724b xxu||||| |||| 00| 0 eng d | ||
| 020 | _a9780000196828 | ||
| 080 |
_a89M-992 _bUNN |
||
| 100 | _aUnnikrishnan, K. G. | ||
| 245 | _aYathrakalum ormmakalum | ||
| 260 |
_aKottayam _bNational Book Stall _c2014 |
||
| 300 | _a170p. | ||
| 653 | _a Malayalam literature - Travelogue - America | ||
| 653 | _aMemoirs - Travel | ||
| 942 | _cBK | ||
| 999 |
_c83010 _d83009 |
||